Statistics for 1985 - Bo Burnham - All Lyrics

Click here to take the quiz!

General Stats

  • This quiz has been taken 15 times
  • The average score is 315 of 356

Answer Stats

Answer% Correct
1980)
100%
1985
100%
1985)
100%
a
100%
alive
100%
an
100%
any
100%
be
100%
contractor!)
100%
dad!)
100%
dad
100%
dad,
100%
(General
100%
hive
100%
I
100%
If
100%
in
100%
In
100%
It
100%
it
100%
it?
100%
just
100%
mean
100%
my
100%
My
100%
(My
100%
(Papa!)
100%
to
100%
want
100%
when
100%
AIDS
92%
and
92%
And
92%
are
92%
Burnham,
92%
Did
92%
got
92%
guy
92%
guy)
92%
guy,
92%
guys
92%
how
92%
How
92%
is
92%
is,
92%
it's
92%
it’s
92%
know
92%
meant
92%
people
92%
Some
92%
some
92%
that
92%
the
92%
think
92%
wanna
92%
was
92%
(White
92%
White
92%
white
92%
am
83%
am,
83%
being
83%
can
83%
chance
83%
cool
83%
could
83%
crisis
83%
dead
83%
do
83%
does
83%
easy
83%
father,
83%
father
83%
fight
83%
he
83%
He
83%
He's
83%
he's
83%
He’s
83%
him
83%
him)
83%
his
83%
His
83%
I’m
83%
Italian
83%
living
83%
meet
83%
mention
83%
name
83%
not
83%
of
83%
or
83%
really
83%
(Scott!)
83%
Scott
83%
(Scott
83%
shirt?
83%
shirt
83%
survive
83%
through
83%
true
83%
were...
83%
were
83%
what
83%
why
83%
would
83%
you
83%
You’d
83%
all
75%
anybody,
75%
but
75%
don’t
75%
ever
75%
group
75%
guess
75%
hard
75%
job
75%
let
75%
(Let
75%
now
75%
saying
75%
shoes
75%
wasn't
75%
with
75%
work
75%
40
67%
80s
67%
affect
67%
ago?
67%
answers
67%
Balances
67%
everyone
67%
(Everyone
67%
family;
67%
Gee
67%
into
67%
I’ve
67%
lump
67%
mid-80s
67%
misspoke
67%
shit
67%
years
67%
cooking
58%
doesn’t
58%
happy,
58%
news
58%
reads
58%
respects
58%
room
58%
thing
58%
thrilled
58%
underwhelming
58%
Wait!
58%
walks
58%
wife's
58%
flaunts
50%
than
50%
whiz,
50%
happier
42%
oblivious
42%

Score Distribution

Percentile by Number Answered

Percent of People with Each Score

Your Score History

You have not taken this quiz